000 00953nam a2200205 a 4500
001 000044531
005 20250120110604.0
008 140711s2011 dr a 000 0 spa d
040 _aDO-SdBNP
_bspa
_cBNPHU
082 _axxxx
_bxxxx
100 1 _aPérez Stefan, Reynolds J
_938778
245 1 0 _aOrigen, trayectoría y aportes culturales de la centenaria sociedad la progresista :
_bcultural - filantrópica - artística - literaria fundada el 1ro.de septiembre del 1878 La Vega, República Dominicana ; prólogo Rafael Molina Morillo /
_cReynolds Jossef Pérez Stefan.
260 _aLa Vega, República Dominicana :
_bRedline,
_c2011.
300 _a168 p. :
_bil. ;
_c21 cm.
490 1 _aBibliográfica Sociedad La Progresista
500 _aIncluye datos biográficos del autor en las solapas
504 _aBibliografía : p. 165
700 1 2 _aMolina Morillo, Rafael,
_d1930-1917
_epról.
_937
830 0 _aBibliográfica Sociedad La Progresista
_972546
999 _c44020
_d44020